| 000 | 00000nam 2200000zi 4500 |
| 001 | 9.935804 |
| 003 | CaOODSP |
| 005 | 20240405081322 |
| 006 | m o d f |
| 007 | cr mn||||||||| |
| 008 | 240322t20242024quca ob f000 0 fre d |
| 020 | |a9780660709505 |
| 040 | |aCaOODSP|bfre|erda|cCaOODSP |
| 043 | |an-cn-on |
| 045 | |ay2y2 |
| 086 | 1 |aTU3-10/23-0096F-PDF |
| 110 | 2 |aBureau de la sécurité des transports du Canada.|eauteur, |eorganisme de publication. |
| 245 | 10|aMauvais type de carburant, 2080061 Ontario Inc. (s/n SkyCare Air Ambulance), Piper PA-31-350, C-GQXD, aéroport de Pickle Lake (Ontario), 14 octobre 2023. |
| 264 | 1|aGatineau QC : |bBureau de la sécurité des transports du Canada = Transportation Safety Board of Canada, |c2024. |
| 264 | 4|c©2024 |
| 300 | |a1 ressource en ligne (10, c'est-à-dire, 11 pages) : |billustrations en couleur. |
| 336 | |atexte|btxt|2rdacontent/fre |
| 337 | |ainformatique|bc|2rdamedia/fre |
| 338 | |aressource en ligne|bcr|2rdacarrier/fre |
| 490 | 1 |aRapport d'enquête sur la sécurité du transport aérien ; |vA23C0096 |
| 500 | |aPublié aussi en anglais sous le titre : Incorrect type of fuel, 2080061 Ontario Inc. (dba SkyCare Air Ambulance), Piper PA-31-350, C-GQXD, Pickle Lake Airport, Ontario, 14 October 2023. |
| 500 | |a« [P]ublié le 28 mars 2024 » -- Page [11]. |
| 504 | |aComprend des références bibliographiques. |
| 650 | 6|aAéronautique|xAccidents|xEnquêtes|zOntario. |
| 775 | 08|tIncorrect type of fuel, 2080061 Ontario Inc. (dba SkyCare Air Ambulance), Piper PA-31-350, C-GQXD, Pickle Lake Airport, Ontario, 14 October 2023.|w(CaOODSP)9.935802 |
| 830 | #0|aBilan d'enquête de sécurité du transport aérien ;|vA23C0096.|w(CaOODSP)9.845276 |
| 856 | 40|qPDF|s907 Ko|uhttps://publications.gc.ca/collections/collection_2024/bst-tsb/TU3-10-23-0096-fra.pdf |
| 856 | 4 |qHTML|sS.O.|uhttps://www.tsb.gc.ca/fra/rapports-reports/aviation/2023/a23c0096/a23c0096.html |